LEADER 01604nam a2200289 i 4500 001 000000132405 003 CaOOAMICUS 005 20101230000000.0 008 101230s2004 it u000 u fre u 013 $a105362 020 $a88-7367-035-0 040 $aSeMil$bita 100 1 $aBraga, Carlo .$0(OLS)http://semarc/name/20 245 14$aLes mouvements liturgiques :$bCorrélations entre pratiques et recherches. Conférences Saint-Serge 50. Semaine d'Études Liturgiques, Paris, 23-26 Juin 2003 /$céditées par C. Braga et A. Pistoia ; B. Bobrinskoy ... [et al.]. 260 $aRoma :$bCLV Edizioni Liturgiche,$ccopyr. 2004. 300 $a308 p. ;$c24 cm. 490 0 $aBibliotheca Ephemerides Liturgicae. Subsidia ;$v129. 650 4$aLiturgia - Movimenti liturgici.$0(OLS)http://semarc/subject/26059 700 1 $aBobrinskoy, Boris <1925- >.$0(OLS)http://semarc/name/21367 700 1 $aPistoia, Alessandro,$c.$0(OLS)http://semarc/name/21 830 0$aBibliotheca Ephemerides Liturgicae. Subsidia ;$v129.$0(OLS)http://semarc/title/38 850 $aSeMil 852 $aSeMil$W1$xVenegono$y1$m3KA A 129$j226775$B86320$CSeMilBibl$Z2$F90509 $81 961 $aSottoscrizione: CLV Edizioni Liturgiche 996 $6020$a88-7367-035-0$9(OLS)http://semarc/number/119409 996 $6245$aLes mouvements liturgiques :$bCorrélations entre pratiques et recherches. Conférences Saint-Serge 50. Semaine d'Études Liturgiques, Paris, 23-26 Juin 2003$9(OLS)http://semarc/title/194478 996 $6260$aRoma :$bCLV Edizioni Liturgiche$9(OLS)http://semarc/publisher/29627 LEADER 01223nas a2200217 i 4500 001 000000218939 003 CaOOAMICUS 005 20130225000000.0 008 130225b1994 it uu u0 0ita r 013 $a197836 040 $aSeMil$bita 245 10$a1995 /$caggiornamenti geografico-economici a cura di Achille Soldani e della Redazione Geocartografica dell'Istituto Geografico de Agostini ; cronologia e ordinamenti politici a cura di Franco Casabianca ; cartografia a cura di Giuseppe Motta. 260 $aNovara :$bIstituto Geografico De Agostini,$ccopyr. 1994. 300 $a784 p., 48 tav. color. :$btabelle ;$c17 cm. 500 $aContiene : Cronologia degli avvenimenti politici, Luglio 1993-Giugno 1994. - Tavole [carte geografiche, bandiere] singolarmente numerate su pagine a fronte. 773 0 $tCalendario Atlante De Agostini.$dRoma : Istituto Geografico Italiano G. De Agostini & C., 1903.$x0393-3202$w()2072 774 0 $t[vedi periodico].$w()278671 850 $aSeMil 852 $aSeMil$W1$xVenegono$y1$m249 5 91$j169309$B169309$CSeMilBibl$Z2$F180038 $85 996 $6245$a1995$9(OLS)http://semarc/title/72063 996 $6260$aNovara :$bIstituto Geografico De Agostini$9(OLS)http://semarc/publisher/31865